00435nam a22001337a 450000500170000000800410001704100230005808200130008110000230009424500390011726000880015630000310024465000260027520240823083003.0240823b |||||||| |||| 00| 0 eng d aEnglish/Afrikaans  a349 LAW  lEnglish/Afrikaans  aThe Laws of South West Africa 1974 aWindhoek: bOrder of the Honourable the Administrator of South West Africa, c1974  blxli, 527 pages; c25 cm.  aLegal practice bLaw